Kalidasa / (Record no. 22733)
[ view plain ]
| 000 -LEADER | |
|---|---|
| fixed length control field | 00933cam a2200313 i 4500 |
| 001 - CONTROL NUMBER | |
| control field | 22733 |
| 003 - CONTROL NUMBER IDENTIFIER | |
| rucl marc code | BD-RjUL |
| 005 - DATE AND TIME OF LATEST TRANSACTION | |
| control field | 20211209000838.0 |
| 008 - FIXED-LENGTH DATA ELEMENTS--GENERAL INFORMATION | |
| fixed length control field | 140309s1960 ii b b 001 0 eng |
| 035 ## - SYSTEM CONTROL NUMBER | |
| System control number | (OCoLC)780155 |
| System control number | (OCoLC)ocm00780155 |
| System control number | (CStRLIN)NYCG10474099-B |
| System control number | (BD-RjUL)22798 |
| System control number | (NNC)1128 |
| 040 ## - CATALOGING SOURCE | |
| Original cataloging agency | BD-RjUL |
| Language of cataloging | eng |
| Transcribing agency | BD-RjUL |
| Modifying agency | BD-RjUL |
| 041 ## - LANGUAGE CODE | |
| Language code of text/sound track or separate title | eng |
| 082 ## - DEWEY DECIMAL CLASSIFICATION NUMBER | |
| Classification number | 891.28 |
| Author mark and year | KAK |
| 100 1# - MAIN ENTRY--PERSONAL NAME | |
| Personal name | Karmarkar, R. D. |
| Fuller form of name | (Raghunath Damodar), |
| Dates associated with a name | 1893-1965. |
| 9 (RLIN) | 70127 |
| 245 00 - TITLE STATEMENT | |
| Title | Kalidasa / |
| Statement of responsibility, etc. | by R. D. Karmarkar. |
| 260 ## - PUBLICATION, DISTRIBUTION, ETC. (IMPRINT) | |
| Place of publication, distribution, etc. | Dharwar : |
| Name of publisher, distributor, etc. | Karnatak University, |
| Date of publication, distribution, etc. | 1960. |
| 300 ## - PHYSICAL DESCRIPTION | |
| Pagination | x, 239 p. : |
| Illustrations | map ; |
| Size | 22 cm. |
| 490 1# - SERIES STATEMENT | |
| Series statement | Extension lectures series ; 4 |
| 504 ## - BIBLIOGRAPHY, ETC. NOTE | |
| Bibliography, etc | Includes bibliographical references and index. |
| 600 00 - SUBJECT ADDED ENTRY--PERSONAL NAME | |
| Personal name | Kalidasa. |
| 830 #0 - SERIES ADDED ENTRY--UNIFORM TITLE | |
| Uniform title | Extension lectures series ; 4. |
| 942 ## - ADDED ENTRY ELEMENTS (KOHA) | |
| Source of classification or shelving scheme | Dewey Decimal Classification |
| Koha item type | Books |
| Lost status | Source of classification or shelving scheme | Damaged status | Not for loan | Collection code | Permanent Location | Current Location | Shelving location | Date acquired | Source of acquisition | Cost, normal purchase price | Total Checkouts | Full call number | Date last seen | Copy number | Koha item type |
|---|---|---|---|---|---|---|---|---|---|---|---|---|---|---|---|
| Dewey Decimal Classification | Added to bundle | Fiction | Central Library, University of Rajshahi | Central Library, University of Rajshahi | Reading Room | 05/06/1965 | Orcouncil | 1.15 | 891.28 KAK 1960 | 09/03/2014 | C-1 | Books |